000 00549cas a22001694i 4500
999 _c50709
_d50709
001 768714001
003 CO-MdFUSB
005 20180324110903.0
008 180324s2001 cr ||||| |||| 00| 0 spa d
040 _aCO-MdFUSB
_bspa
_cCO-MdFUSB
_dCO-MdFUSB
041 _aspa
100 1 _aZelaya, Carlos
_eautor
245 1 0 _a¿Se puede tocar eso en la iglesia?
300 _aVolumen 5. Número 12 (2001), páginas 182-184
_c: 28 cm.
773 0 _tConquista Cristiana
_049446
_960270
_gVolumen 5. Número 12 (2001), páginas 182-184
_q página 182
942 _cANA